[Event "Avoine op 33rd"]
[Site "Avoine"]
[Date "2018.07.24"]
[Round "4"]
[White "Bouget, Alexandre"]
[Black "Giammari, Santu"]
[Result "1-0"]
[WhiteElo "2282"]
[BlackElo "1874"]
[PlyCount "115"]
[EventDate "2018.07.21"]
[EventType "swiss"]
[EventRounds "9"]
[EventCountry "FRA"]
[SourceTitle "CBM 185 Extra"]
[Source "ChessBase"]
[SourceDate "2018.07.29"]
[SourceVersion "1"]
[SourceVersionDate "2018.07.29"]
[SourceQuality "1"]

1. Nc3 c5 2. Nf3 d6 3. e3 Nf6 4. d4 cxd4 5. exd4 e6 6. Bd3 Be7 7. 0-0 a6 8. Bg5 Nbd7 9. Re1 b5 10. d5 e5 11. a4 b4 12. Ne4 Nxe4 13. Bxe7 Qxe7 14. Bxe4 0-0 15. Nd4 Nc5 16. Nc6 Qc7 17. Bf3 f5 18. Nxe5 dxe5 19. d6 Qa7 20. Bxa8 Qxa8 21. Rxe5 Qc6 22. Qd5+ Qxd5 23. Rxd5 Nd7 24. Rd4 b3 25. cxb3 Nc5 26. Rad1 Nxb3 27. Rc4 Bd7 28. h3 Kf7 29. Rd3 Rb8 30. Re3 Be6 31. Rc7+ Kf6 32. d7 Rd8 33. Rc6 Nd4 34. Rd6 Ke7 35. Rxd4 Rxd7 36. Rxd7+ Kxd7 37. b4 Bc4 38. Rc3 Bd5 39. b5 axb5 40. axb5 g6 41. g3 h5 42. Rd3 Ke6 43. b6 Bc6 44. f4 Be4 45. Rd4 Bb7 46. Kf2 Bh1 47. Ke3 Bc6 48. Kd2 Bg2 49. Kc3 Bh1 50. Kb4 Bb7 51. Kc5 Bg2 52. Rd6+ Ke7 53. Rxg6 Kd7 54. Rg7+ Kc8 55. h4 Bf3 56. Kd6 Kb8 57. Ke5 Bg4 58. Rxg4 1-0